|
|
|
|
| LEADER |
00807nam a22002051a 4500 |
| 001 |
c000365286 |
| 003 |
CARM |
| 005 |
20010407200217.0 |
| 008 |
851211s1966 fr 000 1 fre d |
| 019 |
1 |
|
|a 6661282
|z 45149469
|z 4161769
|z 25954586
|z 53412404
|z 54071815
|z 60439770
|5 LACONCORD2021
|
| 035 |
|
|
|a (OCoLC)5783822
|5 LACONCORD2021
|
| 040 |
|
|
|a NZOC
|b eng
|c NZOC
|d NZOC
|
| 100 |
1 |
|
|a Le Clézio, J.-M. G.
|q (Jean-Marie Gustave),
|d 1940-
|
| 245 |
1 |
3 |
|a Le déluge /
|c J.M.G. Le Clézio.
|
| 260 |
|
|
|a [Paris] :
|b Gallimard,
|c 1966.
|
| 300 |
|
|
|a 285 p.
|
| 490 |
0 |
|
|a Collection "Soleil"
|
| 852 |
8 |
|
|b CARM
|h A1:AL14G0
|i B09977
|p 0451525
|f BK
|
| 999 |
f |
f |
|i 996661c4-9ee6-52cf-b2c8-c371d5f4aacf
|s 7a7ef320-3d3a-59bf-874f-5a00e93d9306
|
| 952 |
f |
f |
|p Can circulate
|a CAVAL
|b CAVAL
|c CAVAL
|d CARM 1 Store
|e B09977
|f A1:AL14G0
|h Other scheme
|i book
|m 0451525
|